000 00319 a2200157 4500
001 181072
020 _a
040 _cMagnum
100 _aJose, Elias
240 1 0 _aNo balance do abece
_lpor
245 1 0 _aNo balance do abece
362 0 _a1899
440 1 _aPaulus
697 _aMAGNITO: I/POESIA
942 _cBK
999 _c181072
_d181072